| 000 | 00340nam a2200121Ia 4500 | ||
|---|---|---|---|
| 008 | 240624s9999 xx 000 0 und d | ||
| 041 | _aeng | ||
| 082 | _a382 COM | ||
| 100 | _aDIRECTORATE GENERAL OF COMMERCIAL INTELLIGENCE STA | ||
| 245 | _aMONTHLY STATISTICS OF FOREIGN TRADE OF INDIA I I | ||
| 260 | _c2003 | ||
| 300 | _a1354-3439 : cm. ; 27 | ||
| 999 |
_c1987 _d1987 |
||